Statistics for How many languages can you say "Hello!" in?

Click here to take the quiz!

General Stats

  • This quiz has been taken 51 times
  • The average score is 8 of 15

Answer Stats

HintAnswer% Correct
EnglishHello
98%
FrenchBonjour
91%
SpanishHola
89%
GermanHallo
84%
DutchHallo
84%
MandarinNi hao
68%
ItalianCiao
64%
JapaneseKon'nichiwa
59%
PortugeseOla
55%
DanishHej
32%
SwedishHej
32%
TurkishMerhaba
27%
FinnishHei
23%
RussianPrivyet
20%
PolishCzesc
11%

Score Distribution

Percentile by Number Answered

Percent of People with Each Score

Your Score History

You have not taken this quiz